000 00463nam a2200193Ia 4500
003 0100
008 130303s9999 xx 000 0 und d
040 _cARRUPELIB
050 _aBL80.2.D313 1964
100 _aDaniÚlou, Jean
245 _aIntroductin to the great religions
260 _aNotre Dame, Indiana
260 _bFides Publishers
260 _C1964
300 _a159p.
300 _b 18cm.
700 _aLa Mothe, Albert J. tr.
942 0 0 _03
999 _c41255
_d41255